| 000 | 00951nam a2200241 a 4500 | ||
|---|---|---|---|
| 001 | 000041319 | ||
| 005 | 20201002034802.0 | ||
| 008 | 130925s2000 sp 001 0 spa d | ||
| 020 | _a8481640522 | ||
| 040 |
_aDO-SdBNP _bspa _cBNPHU |
||
| 245 | 0 | 0 |
_aEl derecho y la justicia / _cedición de Ernesto Garzón Valdés y Francisco J. Laporta. |
| 250 | _a2a. ed. | ||
| 260 |
_aMadrid : _bConsejo Superior de Investigaciones Científicas, _c2000. |
||
| 300 |
_a554 p. : _bil, ; _c24 cm. |
||
| 490 | 1 |
_aEnciclopedia iberoamericana de filosofía _v11 |
|
| 500 | _aIncluye índice | ||
| 504 | _aBibliografía : p. 551-554 | ||
| 504 | _aIncluye referencias bibliográficas y notas al pie de las páginas | ||
| 700 | 1 |
_aLaporta, Francisco J., _eed. _967949 |
|
| 700 | 1 |
_aaGarzón Valdés, Ernesto, _eed. _967950 |
|
| 710 | 2 |
_aConsejo Superior de Investigaciones Científicas,(España) _967570 |
|
| 830 | 0 |
_aEnciclopedia iberoamericana de filosofía _v11 _915735 |
|
| 999 |
_c40809 _d40809 |
||